| 000 | 01102nas a2200301 i 4500 | ||
|---|---|---|---|
| 001 | 474 | ||
| 003 | ES-MaACL | ||
| 005 | 20250728235800.0 | ||
| 008 | 950801d18981906sp wr p 0 1 |spa d | ||
| 022 | _a2483-2960 | ||
| 080 | _a62/69 | ||
| 080 | _a460 | ||
| 245 | 0 | 0 |
_aBoletín minero y comercial / _cde la agencia general de negocios de Domingo Gascón. |
| 260 |
_aMadrid : _bDomingo Gascón, _c1898-1906 ( _fHijos de M.G. Hernández, Ricardo Rojas) |
||
| 300 |
_a2 v. ; _c34 cm. |
||
| 310 | _aSemanal, 1905- | ||
| 362 | 0 | _aAño I, n. 1 (30 dic. 1898)-año VIII, 3ª época (27 dic. 1905) | |
| 530 | _aDisponible en formato digital. | ||
| 594 | _aFundador: Domingo Gascón y Guimbao ; Director (1902-): Antonio Gascón. | ||
| 650 | 1 | 4 |
_aMinería. _915054 |
| 650 | 0 | 7 |
_aIndustria _2embne _913713 |
| 700 | 1 |
_aGascón y Guimbao, Domingo. _955865 |
|
| 700 | 1 |
_aGascón y Miramón, Antonio. _955868 |
|
| 852 |
_aES-MaACL _jHem-770 |
||
| 856 |
_uhttps://bibliotecavirtual.aragon.es/es/consulta/registro.do?id=226 _zBiblioteca Virtual de Aragón |
||
| 866 | 0 | _o1903-04. | |
| 999 |
_c474 _d474 |
||